00808nam a2200241Ia 450000100060000000300090000600800410001504000130005604000130006904100130008210000190009510000290011424500230014324500230016625000110018926000110020026000120021126000490022330000430027250001870031565000330050265000310053510981IT-RoPAU130308s9999 xx 000 0 und d aIT-RoPAU cIT-RoPAU aITALIANO aMassaro Gianni gCodice Aut. SPICS: 4043 aOcchio impuro (L') bOcchio impuro (L') a1a ed. aMILANO bSugarco c1976 [1° Ed.:1976 - Ed.Ling.Originale:1976] a"192 p. (prefazione: no ; testo: 192)" aLinguaggio della repressione costume e Società Denuncianti Lessico della Moralizzazione Denunce Linguaggio di polizia Cinema censura e Moralizzatori nell'Italia degli Anni Settanta aDIRITTO NELLA CINEMATOGRAFIA eCodice materia Spics: 4612